Central Library OPAC University of Rajshahi

উনিশ শতকে বাংলাদেশের সংবাদ-সাময়িকপত্র : (Record no. 41288)

MARC details
000 -LEADER
fixed length control field 00996nam a2200241 a 4500
001 - CONTROL NUMBER
control field 41288
003 - CONTROL NUMBER IDENTIFIER
rucl marc code BD-RjUL
005 - DATE AND TIME OF LATEST TRANSACTION
control field 20211209053347.0
008 - FIXED-LENGTH DATA ELEMENTS--GENERAL INFORMATION
fixed length control field 160528s1991 bg ||||| |||| 00| 0 ben d
020 ## - INTERNATIONAL STANDARD BOOK NUMBER
Terms of availability : TK 180.00
035 ## - SYSTEM CONTROL NUMBER
System control number (BD-RjUL) 41405
040 ## - CATALOGING SOURCE
Original cataloging agency BD-RjUL
Language of cataloging ben
Transcribing agency BD-RjUL
041 ## - LANGUAGE CODE
Language code of text/sound track or separate title ben
082 ## - DEWEY DECIMAL CLASSIFICATION NUMBER
Edition number 23
Classification number 070.95492
Author mark and year MAU 1988-91
100 ## - MAIN ENTRY--PERSONAL NAME
Personal name মামুন, মুনতাসীর
9 (RLIN) 127005
245 10 - TITLE STATEMENT
Title উনিশ শতকে বাংলাদেশের সংবাদ-সাময়িকপত্র :
Remainder of title ১৮৪৭-১৯০৫ /
Statement of responsibility, etc. মুনতাসীর মামুন
260 ## - PUBLICATION, DISTRIBUTION, ETC. (IMPRINT)
Place of publication, distribution, etc. ঢাকা :
Name of publisher, distributor, etc. বাংলা একাডেমী,
Date of publication, distribution, etc. ১৯৮৮-১৯৯১
300 ## - PHYSICAL DESCRIPTION
Pagination খণ্ড ;
Size ২১ সেমি.
505 0# - FORMATTED CONTENTS NOTE
Formatted contents note খণ্ড ১ -- খণ্ড ৩ -- খণ্ড ৪ --
650 ## - SUBJECT ADDED ENTRY--TOPICAL TERM
Topical term or geographic name as entry element Bangladeshi newspapers
9 (RLIN) 127006
Topical term or geographic name as entry element বাংলাদেশের সংবাদপত্র
9 (RLIN) 127007
942 ## - ADDED ENTRY ELEMENTS (KOHA)
Source of classification or shelving scheme Dewey Decimal Classification
Koha item type Books
Holdings
Lost status Source of classification or shelving scheme Damaged status Not for loan Collection code Permanent Location Current Location Shelving location Date acquired Source of acquisition Cost, normal purchase price Total Checkouts Full call number Date last seen Date checked out Copy number Koha item type
  Dewey Decimal Classification     Non-fiction Central Library, University of Rajshahi Central Library, University of Rajshahi   12/03/1991 Bangla Academy, Dhaka 180.00 2 B 070.95492 MAU V-4 1991 02/02/2020 29/01/2020 C-2 Books
  Dewey Decimal Classification     Non-fiction Central Library, University of Rajshahi Central Library, University of Rajshahi   12/03/1991 Bangla Academy, Dhaka 180.00 1 B 070.95492 MAU V-1 1985 02/02/2020 28/01/2020 C-2 Books
  Dewey Decimal Classification   Not For Loan Non-fiction Central Library, University of Rajshahi Central Library, University of Rajshahi Reading Room 26/06/1990 Bangla Academy, Dhaka 125.00   B 070.95492 MAU V-3 1991 10/12/2016   C-1 Books
  Dewey Decimal Classification   Not For Loan Non-fiction Central Library, University of Rajshahi Central Library, University of Rajshahi Reading Room 25/06/1990 Bangla Academy 100.00   B 070.95492 MAU V-2 1985 01/11/2022   C-1 Books